000 02118nam a2200421 c 4500
003 BLK
005 20231218150645.0
008 180409b bul|||||r ||||||| ||bul||
010 _aKNG00144110000
040 _aBLK
041 _aBUL
_cBUL
072 7 _2bullib
_aН6201
_xМениджмънт Н
080 _aМетоди на управление. Мениджмънт. Анализи, планиране, ръководство, сътрудничество, контрол, коопериране и др.
_b005.5
_x
_z005.5
080 _aИкономическа психология. Икономическо поведение. Физиологични и психологични елементи. Интереси. Икономически дух
_b330.16
_x
_z330.16
080 _aЕтика на бизнеса. Успех
_b174.4
_x
_z174.4
100 1 _aХаджиев, Виктор Ст.
_eпърви автор
_9326164
139 _aХаджиев, Виктор Ст.
_bХ 15
245 1 0 _aКогнитивна топология и управленско поведение
_cВиктор Ст. Хаджиев.
257 _aBGR
260 Свищов
_bСтоп. акад. Д. А. Ценов
_c2012
300 _a212 с.
_bс табл., сх.
_c24 см
380 _a3
490 1 _aБиблиотека Стопански свят
_vбр. 117
500 _aЗагл. на англ. ез. Cognitive Topology and Managerial Behaviour / Victor St. Hadzhiev. - Рез. на бълг., англ. ез. - Библиогр. с. 205-208.
650 4 _aУправленски труд
_9244358
650 4 _aИкономическо поведение
_9245306
650 4 _aСтопанска етика
_9261791
653 _aуправленски труд
653 _aикономическо поведение
653 _aстопанска етика
659 _aН
852 _aЦб 259989
856 4 _qpdf
_u
856 4 _qpdf
_u
942 _cKNG
_n0
_04
944 _aCR
_c18.06.2013
_lМартин Енчев
_k30575
944 _aED
_c17.09.2014
_lф /
_k
999 _c138129
_d138129